000 00421nam a2200169Ia 4500
008 230711s9999||||xx |||||||||||||| ||und||
020 _a978-81-203-0786-5
041 _aENG
082 _a518
_bRA-C
100 _aRajaraman.V
245 0 _aComputer oriented numerical methods
250 _a3rd Ed.
260 _c2016
_aNew Delhi
_bPHI Learning Private Limited
300 _a196p.
650 _aMathematics
942 _cBK
999 _c5812
_d5812